| 000 | 00495cam a22001457a 4500 | ||
|---|---|---|---|
| 008 | 180718b2004 xxu||||| |||| 00| 0 eng d | ||
| 082 | _aAPPPA 2003-04 DAS/9 | ||
| 100 | _aDas, Deepak | ||
| 245 |
_aPeacekeeping and conflict resolution _cby Deepak Das |
||
| 260 |
_aNew Delhi _bIndian Institute of Public Administration _c2004 |
||
| 300 | _a128p. | ||
| 500 | _aAn APPPA M.Phil dissertation, 2003-04 (Guide: Prof. J. Guha Roy) | ||
| 650 | _aNon-governmental organizations | ||
| 650 | _aPeacekeeping | ||
| 999 |
_c492945 _d492945 |
||